| 000 | 00929nam a22002897a 4500 | ||
|---|---|---|---|
| 001 | 000580 | ||
| 003 | DO-SdBNP | ||
| 005 | 20240415102426.0 | ||
| 007 | 000580 | ||
| 008 | 1610202007 sp | 00| 0 spa d | ||
| 020 | _a9788478718603 | ||
| 040 |
_aBPMSU _bspa _cBPMSU |
||
| 082 |
_a823.8 _bB661m 2007 _222 |
||
| 100 | 1 |
_aBlyton, Enid, _d1897-1968. |
|
| 245 | 1 | 0 |
_aMisterio del gato desaparecido / _cEnid Blyton ; traducción de C. Peraire del Molino ; ilustraciones de Carlos Freixas. |
| 260 |
_aBarcelona : _bMolino, _c2007. |
||
| 300 |
_a197 p. : _bil. ; _c19 cm. |
||
| 490 | 0 |
_aMisterio _v2 |
|
| 534 |
_pTÃtulo original : _tThe mystery of the disappearing cat. |
||
| 590 | _aInventariado, 2024/VM | ||
| 650 | 4 | _aNovela juvenil inglesa | |
| 650 | 4 |
_aMisterio _vNovela juvenil |
|
| 700 | 1 |
_aPeraire del Molino, C. _etr. |
|
| 700 | 1 | _aFreixas, Carlos | |
| 910 | _aVMateo V. Control de calidad. BPMSU | ||
| 942 |
_2ddc _cBK |
||
| 999 |
_c11632 _d11632 |
||